[Event "Moscow Aeroflot op-A"]
[Site "Moscow"]
[Date "2004.02.19"]
[Round "3"]
[White "Postny, Evgeny"]
[Black "Filippov, Valerij"]
[Result "0-1"]
[WhiteElo "2537"]
[BlackElo "2609"]
[Annotator "Psakhis,L"]
[PlyCount "90"]
[EventDate "2004.02.17"]
[EventType "swiss"]
[EventRounds "9"]
[EventCountry "RUS"]
[SourceTitle "CBM 100"]
[Source "ChessBase"]
[SourceDate "2004.06.01"]
[SourceVersion "1"]
[SourceVersionDate "2004.06.01"]
[SourceQuality "1"]

1. e4 e6 2. d4 d5 3. Nd2 c5 4. exd5 Qxd5 5. Ngf3 cxd4 6. Bc4 Qd6 7. O-O (7. Qe2
$5) 7... Nf6 8. Nb3 Nc6 9. Nbxd4 Nxd4 10. Nxd4 a6 11. b3 {I strongly believe,
that playing this move White can't pretend for real advantage.} (11. Re1 $5) (
11. Bb3 $5) 11... Qc7 12. Bb2 Bd6 13. h3 O-O 14. Nf3 ({Worth considering
profilactio move} 14. a4 $5 {but any case after for example} e5 (14... b6 15.
Qe2 Bb7 16. Rad1 Rfe8 17. Nf3 Nh5 18. Rd4 Bc5 19. Rg4 g6 20. Ne5 Rad8 21. Rg5
$40 {1-0 Nisipeanu,L-Thessing,M/Deutschland 2000 (41)}) 15. Nf3 Bd7 16. Qe2
Rae8 17. Rad1 e4 18. Nd2 Bc6 19. Rfe1 e3 $5 20. fxe3 Bc5 21. Nf1 Ne4 22. Qg4 g6
$44 {1/2-1/2 Lukez,F-Ivanov,S/SWE t-ch 1999 (46) Black got comfortable
position.}) 14... b5 15. Bd3 Bb7 16. Re1 Rfd8 {[%csl Gb7,Gd6,Gd8]} 17. Ne5 Ne4
$1 $146 {[%csl Gb7,Gd6,Gd8,Re5] Important novelty! Black achieved everything
he wanted from the opening and all his pieces have occupied ideal positions.} (
17... Bb4 18. Ng4 Ne4 $5 (18... Nd5 $5) 19. Nh6+ Kf8 20. Qg4 f5 21. Nxf5 exf5
22. Qxf5+ Qf7 23. Qxf7+ Kxf7 24. Rxe4 Bxe4 25. Bxe4 Rac8 $14 {Antognini,
F-Malakhatko,V/Winterthur op 2003//0-1 (70)}) 18. Bxe4 (18. Qf3 Bxe5 19. Bxe5
Qxe5 20. Bxe4 Bxe4 21. Qxe4 Qc3 $15) 18... Bxe4 19. Qd4 (19. Rxe4 Bxe5 20. Qc1
Bxb2 21. Qxb2 Rd2 22. Rg4 e5 $5 $17) 19... Bxc2 20. Rac1 Ba3 $5 {Playing
naturally Filippov reached big advantage.} (20... f6 $5) 21. Nd7 Bxb2 22. Qxb2
(22. Nf6+ $2 gxf6 23. Qxb2 Rac8 24. Qxf6 Qc3 25. Re5 Qd2 $19) 22... Rac8 (22...
Rxd7 $5 23. Rxc2 Qd6 $17) 23. Ne5 Qc3 $1 24. Qxc3 (24. Qa3 a5 $5) 24... Rxc3
25. Re2 ({White should have preferred} 25. b4 $5) 25... Rdc8 26. Rd2 b4 $1 ({
I think that Black rightly avoided the line} 26... f6 $6 27. Nc4 $5 bxc4 28.
Rdxc2 Rxc2 29. Rxc2 c3 30. Kf1 {[%csl Rc3]}) 27. Re1 h5 28. h4 Bf5 29. Nc4 Rd3
30. Rxd3 Bxd3 31. Ne3 (31. Rd1 Bxc4 32. Rc1 Kf8 33. bxc4 Ke7 $19) 31... f6 32.
Rd1 Bb5 33. Rd4 Rc1+ (33... a5 $5) 34. Kh2 Ra1 35. Rxb4 Rxa2 36. Kg3 Rb2 $1 {
[%csl Rb4]} 37. Nd1 Rd2 38. Ne3 Rd3 39. Kf3 {Postny desperately tries to bring
king to the center of the board.} Kf7 40. Ke4 Rd2 (40... e5 41. f4 $5) 41. Kf3
e5 42. g4 hxg4+ 43. Nxg4 Ke6 (43... Be2+ 44. Ke3 (44. Kg3 Bxg4 45. Rxg4 Rd3+
$19) 44... Rb2 {[%csl Rb3][%cal Ge2d1]}) 44. Ne3 f5 45. Kg2 f4 {The technical
part of the game was greatly conducted by Filippov.} (45... f4 46. Nc4 Rd4 47.
Kf3 Kf5 $19) 0-1

[Event "Pamplona 9899 9th"]
[Site "Pamplona"]
[Date "1998.12.31"]
[Round "5"]
[White "Xie, Jun"]
[Black "Vallejo Pons, Francisco"]
[Result "1-0"]
[WhiteElo "2510"]
[BlackElo "2450"]
[Annotator "Psakhis,L"]
[PlyCount "89"]
[EventDate "1998.12.27"]
[EventType "tourn"]
[EventRounds "9"]
[EventCountry "ESP"]
[EventCategory "13"]
[SourceTitle "CBM 069"]
[Source "ChessBase"]
[SourceDate "1999.04.01"]
[SourceVersion "1"]
[SourceVersionDate "1999.04.01"]
[SourceQuality "1"]

1. e4 e6 2. d4 d5 3. Nd2 c5 4. exd5 Qxd5 5. Ngf3 cxd4 6. Bc4 Qd6 7. O-O Nf6 8.
Nb3 Nc6 9. Nbxd4 Nxd4 10. Nxd4 a6 11. b3 Qc7 12. Bb2 Bd6 13. h3 e5 {Maybe
little bit premature move, I would prefer simple} (13... O-O $5 {and after,
for example} 14. a4 e5 15. Nf3 e4 16. Nd4 Bd7 17. Qe2 Rae8 18. Bc1 Qa5 19. Rd1
Qe5 20. g3 Nh5 $36 {Black got better chances in the game 0-1 Tiviakov,S-Dreev,
A/Podolsk 1992 (45)}) 14. Re1 O-O 15. Nf3 b5 16. Bf1 $5 {[%cal Ga2a4] N
Correct place for bishop, any case White haven,t  any chances on the king,s
side.} (16. Bd3 $6 Re8 17. Qe2 Bb7 18. Ng5 Qc6 19. f3 Qb6+ 20. Kh1 Nh5 21.
Bxh7+ Kf8 22. Qe3 Ng3+ {0-1 Dessenne,F-Luco,A/Le Tonquet 1992 (22)}) 16... e4
17. Nd2 Bh2+ 18. Kh1 Be5 19. Bxe5 Qxe5 $11 {It is clear, that Black got equal
chances.} 20. a4 $1 {Only chance to fight for an advantage} Rb8 {Not a bad
move, but deserves attention also} (20... Bb7 $5 {for example} 21. axb5 axb5
22. c4 b4 $5 $13) 21. axb5 axb5 22. c4 $5 b4 $6 ({It is very difficult to
believe, that after} 22... bxc4 23. Nxc4 Qc7 $11 {White could get something
real, but maybe young spanish played didn,t want draw!?}) 23. Kg1 Rd8 24. Qe2
Bf5 25. Red1 Bg6 (25... Ra8 26. Rxa8 Rxa8 27. Qe3 Nd7 $140 $2 28. Nxe4) (25...
Re8 $142 $5 {[%cal Ge8e5]} 26. Qe3 h5) 26. Qe3 h5 27. Nf3 $1 {[%csl Gd4][%cal
Gf3d4]} Qe8 28. Nd4 {Situation on the board changed very quickly. White knight
occupied great position in the centre, pawn on b4 is weak. Xie Jun
demonstrates good technique and wins game.} h4 29. Be2 Rd7 30. Ra2 Rbd8 31.
Rad2 $16 {[%csl Rb4,Gc4,Gd4,Ge3]} Bh5 32. Bxh5 Nxh5 33. Nc2 $1 f5 34. Qg5 (34.
Nxb4 f4 35. Rxd7 $1 Rxd7 36. Qe1 $16) 34... Rxd2 35. Rxd2 Rxd2 36. Qxd2 Qa8 (
36... f4 $5) 37. c5 $5 Nf6 38. Qxb4 $18 {[%csl Gc5]} Qd5 39. Ne3 Qe5 40. Qc4+
Kh7 41. c6 f4 (41... Qa1+ 42. Nf1 Qa8 43. Qe6 $18) (41... Ne8 42. Qd5 $18) 42.
c7 $1 fxe3 43. fxe3 Nh5 (43... Qg3 44. c8=Q (44. Qc3 Nd5) (44. Qc1 Ng4 $1)
44... Qxe3+ 45. Kf1 Qf4+ 46. Ke2 $18) 44. c8=Q Ng3 45. Q8g8+ (45. Q8g8+ Kh6 46.
Qa6+ Kg5 47. Qd8+ $18) 1-0

[Event "Bermuda m"]
[Site "Bermuda"]
[Date "2000.02.10"]
[Round "3"]
[White "Adams, Michael"]
[Black "Seirawan, Yasser"]
[Result "1-0"]
[WhiteElo "2715"]
[BlackElo "2647"]
[Annotator "Psakhis,L"]
[PlyCount "129"]
[EventDate "2000.02.08"]
[EventType "match"]
[EventRounds "8"]
[EventCountry "BER"]
[SourceTitle "CBM 076"]
[Source "ChessBase"]
[SourceDate "2000.05.31"]
[SourceVersion "1"]
[SourceVersionDate "2000.05.31"]
[SourceQuality "1"]

1. e4 e6 2. d4 d5 3. Nd2 c5 4. Ngf3 cxd4 5. exd5 Qxd5 6. Bc4 Qd6 7. O-O Nf6 8.
Nb3 Nc6 9. Nbxd4 Nxd4 10. Nxd4 Bd7 (10... a6 $5) 11. c3 Qc7 ({Two days later
Yasser choose} 11... Be7 {and just after few moves game was finished} 12. Re1
O-O 13. Bb3 Bc6 14. Bg5 {1/2-1/2 Adams,M-Seirawan,Y/Bermuda m 2000 (14)}) 12.
Qe2 Bd6 {Leads to positions with slight but clear white's advantage} ({
Deserves attention} 12... a6 $5 {for example} 13. Bg5 O-O-O 14. Rad1 Bd6 15. h3
h6 16. Be3 Kb8 $13 {[%cal Gg7g4] with complicated game}) 13. Nb5 Bxb5 14. Bxb5+
Ke7 15. g3 Rhd8 $5 (15... h5 $6 {looks better than it is in reality-} 16. h4 $1
{[%cal Gc1g5]} Ng4 17. Kg2 a6 18. Ba4 Rhc8 19. Bg5+ Kf8 20. Rad1 b5 21. Bc2 b4
22. Be4 $16 {1-0 Psakhis,L-Herzog,A/Wien (op) 1991/Inf 54 (31)}) (15... a6 16.
Ba4 Rhd8 17. Qf3 h6 18. Be3 Rac8 19. Bd4 e5 20. Be3 e4 21. Qe2 Kf8 22. Rad1 Be5
23. Bb3 $14 {1-0 Rosentalis,E-Djurhuus,R/Oslo 1992 (41)}) 16. Re1 (16. Ba4 h6
17. Bb3 Rac8 18. Bd2 Qc6 19. Rae1 Rc7 20. Bc1 Bc5 21. Qc2 Qf3 22. Qe2 Qc6 23.
Qe5 Bd6 24. Qf5 Bc5 $11 {Rasik,V-Jirovsky,M/Klatovy op-A 1999/1/2-1/2 (62)})
16... Kf8 $146 {This novelty doesn't changed character of position as
favourable for white.} (16... Rac8 17. Qf3 a6 18. Bf1 $1 Qc6 19. Qxc6 Rxc6 20.
Bg2 Rc7 21. Be3 $36 {Sokolov,A-Andersson,U/Clermont_Ferrand 1989/ 1-0 (81)}) (
16... h6 17. Qf3 Bc5 18. Bf1 Rd7 19. a4 a5 20. Bb5 Rd5 21. Bf4 Qb6 22. Re2 Rad8
23. Rae1 $36 {1/2-1/2 Jansa-Smagin/Trnava 1987 (28)}) 17. Qf3 {[%cal Gb5f1,
Gf1g2] Adams prepares bishop transferal to g2} Qe7 18. a4 {[%cal Ga4a6]} a5 19.
Be3 Nd5 20. Bd4 Bc5 $2 {[%mdl 8192]} ({Even after the best} 20... Kg8 $142 {
[%cal Gd6c5] white's chances are better, but now Black just lose pawn}) 21.
Bxc5 Qxc5 22. Qh5 $1 {[%cal Rh5h7,Rc3c4]} b6 23. Qxh7 Nf6 24. Qc2 ({I think
that after} 24. Qh8+ $5 Ng8 (24... Ke7 25. Qxg7 Rg8 26. Rxe6+ $1 (26. Qh6 $2
Qxf2+ 27. Kxf2 Ng4+ 28. Kf3 Nxh6) 26... Kxe6 27. Re1+ $18) 25. Rad1 {game will
be much shorter than 65 moves}) 24... Rd5 25. Rad1 Rad8 26. Be2 $5 {[%cal
Ge2f3]} g6 27. Bf3 Rxd1 28. Rxd1 Rxd1+ 29. Qxd1 $16 {White needs to show good
technique to win this endgame.} e5 {Maybe it was slightly better not to move
this pawn.} 30. Qd3 Kg7 31. h3 Kf8 32. Qd8+ Kg7 33. Qd3 Kf8 34. Bd1 $5 {
[%csl Rf7][%cal Gd1b3] Adams slowly but surely improves position.} Qc7 35. Bb3
Nd7 $1 {[%cal Gd7c5]} 36. Qe3 Kg7 37. Kh2 Nc5 38. Bc2 Qd6 39. h4 $1 {[%csl Rg7]
[%cal Gh4h5]} Kf8 40. Kg1 Kg7 41. h5 gxh5 42. Qg5+ Kf8 43. Qxh5 Ke7 44. Qh4+
Kf8 45. Qh8+ Ke7 46. Qh4+ Kf8 47. b4 $5 axb4 48. cxb4 Na6 49. Qc4 $1 {
Interesting idea.Adams sacrifice pawn back for increasing activity of his
pieces.} (49. b5 Nc5 $16) 49... Nxb4 $8 50. Bb3 Qe7 51. Kf1 {[%csl Rb4][%cal
Gf1e1,Ge1c3]} Kg7 52. Ke2 f5 $6 (52... Kf8 {was much tougher} 53. Kd2 $140 Qd7+
54. Kc3 Nc6) 53. Qg8+ Kf6 54. Qb8 {[%csl Rb6]} Qc5 $8 55. Qd8+ Kg6 56. Qe8+ Kg5
57. Qg8+ Kh6 58. Qe6+ ({Also possible} 58. Bf7 Qc2+ 59. Kf1 Qc1+ 60. Kg2 Qc6+
61. Kg1 Qf6 62. Qf8+ Kg5 63. Qxb4 Qxf7 64. Qxb6 $18) 58... Kg5 59. Qf7 {
[%cal Gf7g7] Adams managed to organize decisive attack even in endgame!} f4 60.
g4 $1 Qd6 (60... f3+ 61. Kxf3 Qc3+ 62. Kg2 Qc6+ 63. Kg3 Qc3+ 64. Kh2 $18) 61.
Qf5+ Kh6 62. g5+ Kh5 63. f3 $1 $18 {[%cal Rb3f7]} (63. Bf7+ Kh4 64. f3 Kg3 65.
Be6 Kh2 $1) 63... Nd5 64. Qf7+ Kxg5 65. Qxd5 1-0

[Event "EU-ch 4th"]
[Site "Istanbul"]
[Date "2003.06.06"]
[Round "7"]
[White "Kotronias, Vasilios"]
[Black "Glek, Igor Vladimirovich"]
[Result "1/2-1/2"]
[WhiteElo "2597"]
[BlackElo "2551"]
[Annotator "Psakhis,L"]
[PlyCount "65"]
[EventDate "2003.05.30"]
[EventType "swiss"]
[EventRounds "13"]
[EventCountry "TUR"]
[SourceTitle "CBM 096"]
[Source "ChessBase"]
[SourceDate "2003.09.25"]
[SourceVersion "1"]
[SourceVersionDate "2003.09.25"]
[SourceQuality "1"]

1. e4 e6 2. d4 d5 3. Nd2 c5 4. Ngf3 cxd4 5. exd5 Qxd5 6. Bc4 Qd6 7. O-O Nf6 8.
Nb3 Nc6 9. Nbxd4 Nxd4 10. Nxd4 a6 11. Re1 Qc7 12. Qe2 Bc5 (12... Bd6 13. h3 (
13. Bg5 O-O 14. Bd3 Nd5 15. g3 b5 16. Rad1 Bb7 17. Be4 Rfe8 18. c3 Bf8 19. h4
Rac8 $11 {1/2-1/2 Morovic Fernandez,I-Matamoros Franco,C/Bled Olympiad 2002 
(22)}) 13... O-O 14. Bg5 Ne4 15. Qxe4 Qxc4 16. Bf4 Bxf4 17. Qxf4 f6 18. b3 Qc3
19. Qd6 e5 20. Ne6 Bxe6 21. Qxe6+ Kh8 22. Qb6 Rf7 23. Rad1 Qc7 24. Qxc7 {
1/2-1/2 Manescu,T-Erdos,V/EUR t-ch B18 Balatonlelle 2003 (24)}) 13. c3 h6 (
13... O-O 14. Bg5 Bxd4 15. cxd4 Nd5 16. Rac1 Qb6 17. Qg4 f5 18. Qf3 $14 {
1-0 Speelman,J-Nogueiras,J/Barcelona 1989/(39)}) 14. Bb3 $146 ({White failed
to get any advantage after} 14. Bd3 Bd7 15. h3 Bxd4 16. cxd4 Bc6 17. Qe5 Qd7
18. Bc4 Rd8 $11 {1/2-1/2 Solak,D-Benkovic,P/Lazarevac 1999 (35)}) 14... Bd7 15.
Be3 Bd6 (15... O-O 16. Rad1 Rad8 $11) 16. h3 Bh2+ (16... O-O $5) 17. Kh1 Bf4
18. Bxf4 Qxf4 19. Bxe6 $5 {[%mdl 512] Kotronias is trying to take an advantage
of the fact that Black's king temporarily stuck in the centre.} (19. Rad1 O-O
20. Qe3 Qxe3 21. Rxe3 Rac8 {with very small advantage of White.}) 19... fxe6
20. Nxe6 Bxe6 21. Qxe6+ Kf8 22. Re5 Qd2 $1 ({Too dangerous will be to play} 
22... Qxf2 {after} 23. Rf5 Qg3 24. Raf1 $1 {white's attack is too strong, for
example} Rh7 $8 25. R5f4 $1 h5 26. R1f3 Qg5 27. h4 $1 Qg6 (27... Qc5 28. Rxf6+
gxf6 29. Rxf6+ Kg7 30. Rg6+ $18) 28. Rxf6+ gxf6 29. Rxf6+ Qxf6 30. Qxf6+ Kg8
$16) 23. Qb3 (23. Qe7+ Kg8 24. Qe6+ $11) 23... Re8 (23... b5 24. a4 Qf4 $132)
24. Rxe8+ Kxe8 (24... Nxe8 $5) 25. Qxb7 Rf8 26. Qxg7 ({Worth considering} 26.
Qxa6 $5 Kf7 27. Qc4+ Kg6 28. b4 {[%csl Ga2,Gb4,Gc3] and White has three
protected pawns on the queen side.}) 26... Rf7 (26... Qxf2 $5 27. Qxh6 Kf7 $13)
27. Qg6 (27. Qg3 $5 Qxb2 28. Rd1 $132) 27... Kf8 (27... Qxf2 $5 28. Qxh6 Re7)
28. c4 (28. Kg1 $5 h5) 28... Qxf2 29. Rd1 Rg7 ({Possibly, Black could play} 
29... Qf4 $5 {with some chances for initiative.}) 30. Rd8+ Ke7 31. Qxg7+ Kxd8
32. Qxh6 Ne4 33. Kh2 1/2-1/2

[Event "Donetzk zt"]
[Site "Donetsk"]
[Date "1998.11.08"]
[Round "6"]
[White "Brodsky, Michail"]
[Black "Moskalenko, Viktor"]
[Result "1-0"]
[WhiteElo "2525"]
[BlackElo "2500"]
[Annotator "Psakhis,L"]
[PlyCount "93"]
[EventDate "1998.11.02"]
[EventType "swiss"]
[EventRounds "11"]
[EventCountry "UKR"]
[SourceTitle "CBM 068"]
[Source "ChessBase"]
[SourceDate "1999.02.01"]
[SourceVersion "1"]
[SourceVersionDate "1999.02.01"]
[SourceQuality "1"]

1. e4 e6 2. d4 d5 3. Nd2 a6 4. Bd3 c5 5. dxc5 Nf6 6. Qe2 Bxc5 7. Ngf3 Nc6 8. a3
(8. c3 Qc7 9. O-O O-O 10. e5 Ng4 11. Nb3 Ba7 12. Ng5 f5 13. h3 Ngxe5 14. Bf4
Bb8 $15 {1/2-1/2 Forster,R-Dizdar,G/World t-ch Luzern 1997 (41)}) 8... Qc7 9.
O-O Ba7 (9... Bd7 $5 10. e5 (10. b4 Nd4) 10... Ng4 11. b4 Nd4 12. Qd1 Ba7 13.
Bb2 Nxf3+ 14. Nxf3 Bb5 $1 $13 {0-1 Borge,N-Gurevitch,M/EU-Cup Eupen 1997 (41)})
10. b4 (10. exd5 $6 Nxd5 11. g3 O-O 12. c4 Nf6 13. Ne4 Nxe4 14. Bxe4 Nd4 $1 15.
Nxd4 Bxd4 16. Bxh7+ Kxh7 17. Qd3+ Kg8 18. Qxd4 e5 19. Qe4 Be6 $44 {0-1 Campora,
D-Dreev,A/Moskva (GMA) 1989/Inf 47 (27)}) 10... Nd4 11. Nxd4 Bxd4 12. Ra2 $5 {
Maybe little improvment compare to N/} (12. Rb1 O-O 13. c4 dxc4 14. Nxc4 e5 15.
Be3 Rd8 16. Rbc1 Be6 17. Na5 Qb6 18. Bxd4 Rxd4 19. Qe3 Rad8 $11 {0-1 Gofstein,
L-Psakhis,L/Hertzliya 1993 (41) because later white rook can come to c line
quicker then in this game}) 12... e5 13. c4 Bg4 14. Qe1 dxe4 ({Deserves
attention} 14... dxc4 $5 15. Nxc4 Rd8 16. Rc2 Be6 $13 (16... Bxf2+ 17. Rfxf2
Rxd3 18. Nb2 $1)) 15. Nxe4 Nxe4 16. Qxe4 {[%csl Gb4,Gc4]} Be6 (16... f5 $5 17.
Qd5 Qe7 18. h3 $140 Bh5 19. Bxf5 $2 Bf7 20. Qf3 Bxc4 {[%cal Rc4f1,Rc4a2]} 21.
Rc2) 17. Rc2 f5 18. Qe2 O-O (18... e4 $5 19. Bxe4 fxe4 20. Qxe4 Be5 (20... Qe5
21. Re2 $5 O-O 22. Qxe5 Bxe5 23. Rxe5 Bxc4 24. Rfe1 $16) 21. f4 (21. Re2 O-O
22. Qxe5 Qxe5 23. Rxe5 Bxc4 24. Rfe1 $16) 21... O-O 22. Qxe5 Qxe5 23. fxe5 $16)
19. c5 {Strong white pawns on the queen side is there only one hope in fight
for the advantage.} Kh8 20. Be3 {Surely, Brodsky wonts to exchange strong
black bishop.} Rad8 (20... Bxe3 21. fxe3 $5) 21. Bc4 $5 Bxc4 22. Rxc4 Bxe3 23.
fxe3 Qd7 24. Rcc1 Qd3 $2 {Very serious mistake. White pawn majority on the
queen side will be there big trump in ending, Moskalenko had not bad pozision
in middlegame  and he had to continue something like} (24... Qa4 $11 {with
normal position.}) 25. Qxd3 Rxd3 26. Rcd1 $1 {Maybe Black overlook this strong
move, now white advantage is obvious.} Rxe3 (26... e4 27. Rxd3 exd3 28. Rd1 Rd8
29. Kf2 Kg8 30. Kf3 Kf7 31. e4 $16) (26... Rxa3 27. Rxf5 $1) 27. Rxf5 Kg8 (
27... Re1+ 28. Kf2 $1 Rxf5+ 29. Kxe1 Kg8 30. Rd8+ Rf8 31. Rxf8+ Kxf8 32. Ke2
Ke7 33. Ke3 Ke6 34. Ke4 $18) 28. Rxf8+ Kxf8 29. Rd7 Rxa3 30. Rxb7 $16 Rc3 $8 (
30... Ra2 31. c6 Rc2 32. Rb6 Ke7 33. Rxa6 Kd6 34. b5 $18) 31. Kf2 {[%csl Gb7,
Rf8]} h5 (31... e4 32. Ke2 Rc2+ 33. Ke3 Rxg2 34. Kxe4 Rxh2 35. c6 $18) 32. Ke2
e4 33. Kd2 Rc4 (33... Rd3+ $5 34. Kc2 Rd4 35. Kc3 $140 Rd3+ 36. Kc4 Rd2 37. c6
$6 Rc2+ 38. Kd5 $2 e3 $17) 34. h4 $1 Kg8 35. Ke3 Kh7 36. Re7 $1 $18 a5 (36...
Rxb4 37. Rxe4 Rb3+ (37... Rb2 38. Rc4 $18) 38. Kd4 $18) 37. Rxe4 Rc3+ 38. Kd4
axb4 39. Re2 $1 {[%cal Ge2b2,Gb2b4]} g5 (39... Rg3 40. Rb2 (40. c6 Rc3 41. Kd5
b3 42. Rb2) 40... Rg4+ 41. Kd5 Rxh4 42. c6 $18) 40. hxg5 Kg6 41. Rb2 Kxg5 (
41... Rg3 42. Kc4 $18) 42. Rxb4 Rc2 43. g3 Rd2+ 44. Kc4 Rc2+ 45. Kd5 Rc3 (45...
Rd2+ 46. Rd4) 46. c6 Kf6 47. Rc4 (47. Rc4 Rxc4 48. Kxc4 Ke7 (48... Ke6 49. Kc5
Ke7 50. Kb6) 49. Kd5 Ke8 50. Ke6) 1-0

[Event "Montreal 3rd"]
[Site "Montreal"]
[Date "2002.07.28"]
[Round "4"]
[White "Kotronias, Vasilios"]
[Black "Nogueiras Santiago, Jesus"]
[Result "1/2-1/2"]
[WhiteElo "2578"]
[BlackElo "2546"]
[Annotator "Psakhis,L"]
[PlyCount "53"]
[EventDate "2002.07.25"]
[EventType "tourn"]
[EventRounds "11"]
[EventCountry "CAN"]
[EventCategory "11"]
[SourceTitle "CBM 091"]
[Source "ChessBase"]
[SourceDate "2002.11.12"]
[SourceVersion "1"]
[SourceVersionDate "2002.11.12"]
[SourceQuality "1"]

1. e4 e6 2. d4 d5 3. Nd2 c5 4. Ngf3 cxd4 5. exd5 Qxd5 6. Bc4 Qd6 7. O-O Nf6 8.
Nb3 Nc6 9. Nbxd4 Nxd4 10. Nxd4 a6 11. Re1 Bd7 ({Cuban GM doesn't likes force
long lines, possible after} 11... Qc7 12. Bb3 Bd6 13. Nf5) 12. c3 Qc7 13. Qe2
Bd6 14. Bg5 (14. h3 O-O 15. Bg5 {leads also to very complicated game, for
example} Bh2+ 16. Kh1 Bf4 17. Bxf6 gxf6 18. Bd3 f5 19. Qh5 Bc6 $1 20. Bxf5 $6
exf5 21. Nxf5 Kh8 22. Qh4 Be5 23. f4 Qd7 24. Rxe5 f6 25. Rc5 Bxg2+ $1 26. Kxg2
b6 27. Ne7 Qxe7 28. Rh5 Rg8+ 29. Kf1 Qg7 {0-1 Vorobiov,E-Danielian,O/Moscow
Goldberg 1998 (29)}) 14... O-O 15. Bd3 $146 {Interesting novelty in well known
position.Black successfully defended after} (15. Bxf6 gxf6 16. Bd3 (16. Qg4+
Kh8 17. Qh4 Rg8 18. Qxf6+ Rg7 19. Re4 Rag8 20. Nf3 Qc5 21. Bf1 Be7 $44 {
0-1 Canda,D-Vilela,J/Sagua la Grande 1989/ (28)}) 16... f5 17. Qh5 Kh8 18. Nf3
Be8 19. Qh4 Rg8 $13 {Gruenfeld,Y-Bruk,O/Tel Aviv 1990/1-0 (53)}) ({or} 15. g3
Rae8 16. Bd3 Nd5 17. Rad1 Be7 18. h4 Bc5 19. Bc2 f5 20. Qf3 h6 21. Bc1 Nf6 22.
Bb3 Bxd4 23. Rxd4 Kh8 $11 {0-1 Hjartarson,J-Nogueiras,J/Thessaloniki (ol) 1988/
Inf 46 (50)}) 15... Nd5 ({Too dangerous for black to take pawn -} 15... Bxh2+
16. Kh1 Bf4 17. Bxf6 gxf6 18. Qh5 (18. Qg4+ Kh8 19. g3 Bh6 20. Qh5 Kg7 21. Re4
$40) 18... f5 $8 19. Nxf5 $1 exf5 20. Re7 $16) 16. Qh5 g6 (16... h6 $2 17. Bxh6
) 17. Qh4 Bf4 $5 18. g3 {I have feeling that after this move Black hasn't any
problems.} ({Perhaps Kotronias should have considered} 18. Be4 $142 $5 Bxg5 19.
Qxg5 $36) 18... Bxg5 19. Qxg5 Rae8 {[%cal Ge6e5]} 20. Be4 (20. Rad1 e5 21. Nf5
Nb6 $5 $13) 20... f6 21. Qh6 Ne7 22. h4 (22. Rad1 e5 23. Nc2 (23. Bc2 $5 Kh8
$13 (23... exd4 $2 24. Bb3+ Kh8 25. Rxe7 $1))) 22... e5 23. h5 $5 {Leads to
draw almost by force, but} ({I think that White rightly avoided the line} 23.
Nf3 Nf5 $15) 23... exd4 (23... Rf7 24. Bc2 $1 $13) 24. hxg6 Nxg6 25. Bxg6 hxg6
26. Qxg6+ Kh8 27. Qh6+ 1/2-1/2